000
00315nam a2200133Ia 4500
008
230917s9999||||xx |||||||||||||| ||und||
040
_e
93044
_a
MAIN
041
_a
English
082
_a
617 S81S
100
_a
Susheel
245
0
_a
Study of refractive changes in pterygium surgery
300
_a
65 p.
942
_c
TH
999
_c
88620
_d
88620